Normal view
MARC view
- Education
Entry Topical Term
001 - CONTROL NUMBER
- control field: 44686
003 - CONTROL NUMBER IDENTIFIER
- control field: OSt
005 - DATE AND TIME OF LATEST TRANSACTION
- control field: 20220311133153.0
008 - FIXED-LENGTH DATA ELEMENTS
- fixed length control field: 220311|| aca||aabn | a|a d
040 ## - CATALOGING SOURCE
- Original cataloging agency: OSt
- Transcribing agency: OSt
150 ## - HEADING--TOPICAL TERM
- Topical term or geographic name entry element: Education
- General subdivision: Elementary Education.
670 ## - SOURCE DATA FOUND
- Source citation: Work cat.: (OSt)0: Blatchford, Roy, author. 44685, The teachers' standards in the classroom /, ©2021.
